Losowe loga - Statystyki

Ogólne statystyki
  • Ten quiz został rozwiązany 4 856 razy
    2 329 od ostatniego zresetowania
  • Średni wynik to 12 z 20
Statystyki odpowiedzi
Obrazkowy Odpowiedź % Poprawnych
Superman
95%
NASA
91%
Bluetooth
88%
Hello Kitty
88%
JetPunk
85%
Park Jurajski
84%
Toy Story
79%
Auta
77%
Breaking Bad
71%
Iniemamocni
71%
Igrzyska Olimpijskie
70%
Metro w Londynie
46%
Mortal Kombat
43%
Ojciec chrzestny
43%
Pogromcy duchów
43%
The Rolling Stones
43%
WWF
41%
Anarchia
38%
Partia Republikańska
26%
Blu-ray
23%
Nie znaleziono quizów pasujących do podanych kryteriów
Rozkład punktacji
Procent ludzi z każdym wynikiem
Percentyl według liczby udzielonych odpowiedzi
Twoja historia wyników
Nie rozwiązałeś tego quizu od ostatniego zresetowania